Boys don't cry
Στο Φολς της Νεμπράσκα, ο Μπράντον Τίνα ήταν ένα νεοφερμένο αγόρι που κατάφερε να μαγέψει την μικρή επαρχιακή κοινότητα. Οι γυναίκες τον λάτρεψαν και όλοι όσοι γνώρισαν τον χαρισματικό ξένο βυθίστηκαν στην γοητευτική αθωότητά του. Όμως ο πιό περιζήτητος καβαλιέρος έκρυβε ένα μυστικό: δεν ήταν αυτός...
Αποθηκεύτηκε σε:
| Άλλοι συγγραφείς: | , , , |
|---|---|
| Μορφή: | |
| Γλώσσα: | English Multiple |
| Δημοσίευση: |
[S.l.] :
Twentieth Century Fox Entertainment : Odeon [Εταιρία διανομής],
c2005.
|
| Θέματα: | |
| Ετικέτες: |
Προσθήκη ετικέτας
Δεν υπάρχουν, Καταχωρήστε ετικέτα πρώτοι!
|
MARC
| LEADER | 00000cgm a2200000 i 4500 | ||
|---|---|---|---|
| 001 | 1/102364 | ||
| 008 | 090309s2005 xx ||| | || ||eng|| | ||
| 035 | |l 10103633 | ||
| 040 | |a GR-MyUa |b gre |e AACR2 | ||
| 041 | 0 | |a eng |j mul | |
| 082 | 7 | |a 791.437 |2 (22) | |
| 245 | 0 | 0 | |a Boys don't cry |h [μαγνητοσκόπηση] / |c μια ταινία της Κίμπερλυ Πηρς. |
| 260 | |a [S.l.] : |b Twentieth Century Fox Entertainment : |b Odeon [Εταιρία διανομής], |c c2005. | ||
| 300 | |a 1 βιντεοδίσκος (114 λεπτ.) : |b ομίλ., έγχρ. ; |c 4 3/4 ίν. | ||
| 500 | |a Κυκλοφόρησε πρώτη φορά ως κινηματογραφική ταινία το 1999. | ||
| 508 | |a Μουσική, Νάθαν Λάρσον ; μοντάζ, Λη Πέρσι ; σχεδιασμός παραγωγής, Μάικλ Σόου ; διεύθυνση φωτογραφίας, Τζιμ Ντένο ; εκτέλεση παραγωγής, Πάμελα Κόφλερ, Τζόναθαν Σέρινγκ, Κάρολιν Κάπλαν, Τζον Σλος ; παραγωγή, Τζέφρυ Σάρπ, Τζόν Χάρτ, Εύα Κόλοντνερ, Κρίστιν Βάκον ; σενάριο, Κιμπερλυ Πηρς και Αντυ Μπίνεν. | ||
| 511 | 0 | |a Χίλαρυ Σουάνκ, Κλόε Σεβινί, Πιτερ Σαρσγκαρντ, Μπρένταν Σέξτον, Άλισον Φόλαντ, Αλίσια Γκόρανσον, Ματ Μάγκραθ, Ρόμπ Κάμπελ, Ζανέτα Άρνετ. | |
| 520 | 8 | |a Στο Φολς της Νεμπράσκα, ο Μπράντον Τίνα ήταν ένα νεοφερμένο αγόρι που κατάφερε να μαγέψει την μικρή επαρχιακή κοινότητα. Οι γυναίκες τον λάτρεψαν και όλοι όσοι γνώρισαν τον χαρισματικό ξένο βυθίστηκαν στην γοητευτική αθωότητά του. Όμως ο πιό περιζήτητος καβαλιέρος έκρυβε ένα μυστικό: δεν ήταν αυτός που όλοι νόμιζαν. 75 μίλια μακριά, στη μικρή πόλη Λίνκολν, ο Μπραντον Τίνα ήταν ένα διαφορετικό πρόσωπο, παγιδευμένο σε μια κρίση ταυτότητας που τον κατεδίωκε σ'όλη του τη ζωή. Όπως πολλοί άνθρωποι στην ηλικία του, έκανε λάθη με υψηλό αντίτιμο και όταν μπήκε ακούσια ανάμεσα στην καινούρια του αγάπη τη Λάνα και τον απερίσκεπτο φίλο της τον Τζόν, αποκαλύφθηκε το μυστικό του. Στην σύντομη ζωή του, ο Μπράντον Τίνα υπήρξε ταυτόχρονα ένας εντυπωσιακός εραστής κι ένας εγκλωβισμένος παρείσακτος, ένα εξαθλιωμένο μηδενικό κι ένας λαμπερός ονειροπαρμένος, ένας τολμηρός κλέφτης και το τραγικό θύμα ενός άδικου εγκλήματος. | |
| 546 | |a Στα αγγλικά με υπότιτλους στα ελληνικά. | ||
| 586 | 8 | |a Χρυσή Σφαίρα 'Α γυναικείου ρόλου | |
| 586 | 8 | |3 Όσκαρ 'Α γυναικείου ρόλου | |
| 650 | 0 | |a Transsexuals |v Drama. | |
| 655 | 7 | |a Feature films |2 lcgft | |
| 700 | 1 | |a Peirce, Kimberly, |e aus |e drtf | |
| 700 | 1 | |a Swank, Hilary, |e act | |
| 700 | 1 | |a Sevigny, Chloë, |e act | |
| 700 | 1 | |a Sarsgaard, Peter, |e act | |
| 852 | |a INST |b SYROS |c AV |e 20090624 |h 791.437 PEI |p 005500008618 |q 005500008618 |t DVD |y 23 | ||
| 901 | |a BIBL5-2008-1 | ||
| 922 | |a 5ΕΛΗ |b 200810 |c Βιβλιοθήκη Σύρου |d DVD Club Enter | ||
| 970 | |a Τσουκαλά |b Αλίκη |z 09/03/2009 | ||